[Event "Tulsa Okie Masters"]
[Site "Tulsa"]
[Date "2007.05.27"]
[Round "3"]
[White "Galant, Sergey"]
[Black "Jackson, Trevor H"]
[Result "1/2-1/2"]
[WhiteElo "2221"]
[BlackElo "2156"]
[PlyCount "57"]
[EventDate "2007.05.26"]
[EventType "tourn"]
[EventRounds "7"]
[EventCountry "USA"]
[SourceTitle "CBM 118 Extra"]
[Source "ChessBase"]
[SourceDate "2007.07.04"]
[SourceVersion "1"]
[SourceVersionDate "2007.07.04"]
[SourceQuality "1"]

1. e4 e6 2. b3 b6 3. Bb2 Bb7 4. d3 c5 5. Nf3 Nf6 6. Be2 d5 7. exd5 Nxd5 8. g3 Nc6 9. Nbd2 Be7 10. Bxg7 Rg8 11. Bb2 Bf6 12. Bxf6 Qxf6 13. Ne4 Qe7 14. c4 Nc7 15. 0-0 f5 16. Nc3 0-0-0 17. Nb5 Nxb5 18. cxb5 Nd4 19. Nxd4 Rxd4 20. Bf3 Qd7 21. Qe2 Rg6 22. a4 Bd5 23. Bxd5 Qxd5 24. Qh5 Rdg4 25. Qxh7 f4 26. Qf7 fxg3 27. Qe8+ Kc7 28. Qe7+ Kc8 29. Qe8+ 1/2-1/2

[Event "Tulsa Okie Masters"]
[Site "Tulsa"]
[Date "2007.05.27"]
[Round "5"]
[White "Langer, Mikhail"]
[Black "Jackson, Trevor H"]
[Result "1-0"]
[WhiteElo "2315"]
[BlackElo "2156"]
[PlyCount "81"]
[EventDate "2007.05.26"]
[EventType "tourn"]
[EventRounds "7"]
[EventCountry "USA"]
[SourceTitle "CBM 118 Extra"]
[Source "ChessBase"]
[SourceDate "2007.07.04"]
[SourceVersion "1"]
[SourceVersionDate "2007.07.04"]
[SourceQuality "1"]

1. e4 e6 2. d4 d5 3. Nd2 Nf6 4. e5 Nfd7 5. Bd3 c5 6. c3 Nc6 7. Ne2 cxd4 8. cxd4 f6 9. Nf4 Nxd4 10. Qh5+ Ke7 11. exf6+ Nxf6 12. Ng6+ hxg6 13. Qxh8 Kf7 14. Qh4 e5 15. Nf3 Nxf3+ 16. gxf3 Bf5 17. Bxf5 gxf5 18. Bg5 Qa5+ 19. Kf1 Be7 20. Kg2 Rd8 21. Rhg1 d4 22. Rac1 Qb6 23. Kh1 f4 24. Bxf6 Bxf6 25. Qh5+ Kg8 26. Qf5 Kf7 27. Rc2 Rd6 28. Rc8 Rd8 29. Rgc1 Rxc8 30. Qd7+ Be7 31. Rxc8 Qe6 32. Qxb7 d3 33. Rd8 e4 34. fxe4 Qh3 35. Qd5+ Kf6 36. e5+ Kg5 37. e6+ Kf6 38. Qd4+ Kg5 39. Qxg7+ Kf5 40. Rd5+ Kxe6 41. Re5+ 1-0

[Event "Stillwater Winter op"]
[Site "Stillwater"]
[Date "2007.02.18"]
[Round "5"]
[White "Charbonneau, Pascal"]
[Black "Jackson, Trevor H"]
[Result "1-0"]
[WhiteElo "2500"]
[BlackElo "2139"]
[PlyCount "73"]
[EventDate "2007.02.17"]
[EventType "swiss"]
[EventRounds "7"]
[EventCountry "USA"]
[SourceTitle "CBM 116 Extra"]
[Source "ChessBase"]
[SourceDate "2007.03.07"]
[SourceVersion "1"]
[SourceVersionDate "2007.03.07"]
[SourceQuality "1"]

1. e4 e6 2. d3 d5 3. Qe2 Nf6 4. Nf3 Be7 5. g3 c5 6. Bg2 Nc6 7. 0-0 0-0 8. e5 Nd7 9. c4 Nb6 10. Rd1 f5 11. cxd5 Nxd5 12. Nc3 Nd4 13. Nxd4 Nxc3 14. bxc3 cxd4 15. cxd4 Qxd4 16. Bb2 Qb6 17. Rab1 Qa6 18. Qc2 f4 19. Be4 fxg3 20. hxg3 Bd7 21. Qc7 Qb6 22. Qxb6 axb6 23. Rdc1 Rfc8 24. Rxc8+ Rxc8 25. Bxb7 Rc2 26. Be4 b5 27. d4 Re2 28. Bf3 Rd2 29. Kf1 Kf7 30. Be4 Bb4 31. Kg2 h6 32. Kf3 Ba5 33. Ke3 g5 34. Bf3 Ke8 35. Bd1 Bc6 36. Bb3 Bd5 37. Bc1 1-0

[Event "US Open-106"]
[Site "Phoenix"]
[Date "2005.08.08"]
[Round "3"]
[White "Yermolinsky, Alex"]
[Black "Jackson, Trevor H"]
[Result "1-0"]
[WhiteElo "2574"]
[BlackElo "2106"]
[PlyCount "87"]
[EventDate "2005.08.06"]
[EventType "swiss"]
[EventRounds "9"]
[EventCountry "USA"]
[SourceTitle "CBM 107 Extra"]
[Source "ChessBase"]
[SourceDate "2005.09.01"]
[SourceVersion "1"]
[SourceVersionDate "2005.09.01"]
[SourceQuality "1"]

1. Nf3 d5 2. c4 e6 3. d4 Be7 4. Nc3 Nf6 5. Bf4 c6 6. e3 0-0 7. Bd3 Nbd7 8. 0-0 Re8 9. h3 dxc4 10. Bxc4 Nb6 11. Bd3 Nbd5 12. Bg3 b6 13. e4 Nxc3 14. bxc3 Bb7 15. e5 Nh5 16. Bh2 g6 17. g4 Ng7 18. Be4 Qd7 19. Nd2 c5 20. Qf3 Bd5 21. c4 Bxe4 22. Nxe4 cxd4 23. Nf6+ Bxf6 24. exf6 e5 25. fxg7 e4 26. Qf4 Qc6 27. Rad1 Qxc4 28. f3 e3 29. Rxd4 Qxa2 30. Re4 Qd2 31. Bg3 Qd3 32. Re1 Rxe4 33. Qxe4 Qxe4 34. fxe4 Re8 35. Rxe3 Kxg7 36. Kf2 b5 37. Bc7 Rc8 38. Ba5 Kf6 39. Rc3 Rxc3 40. Bxc3+ Ke6 41. g5 Kd6 42. Ke3 Kc6 43. Kd4 Kb6 44. Kd5 1-0

[Event "North American op 24th"]
[Site "Stillwater"]
[Date "2005.05.30"]
[Round "8"]
[White "Jackson, Trevor H"]
[Black "Brooks, Michael A"]
[Result "0-1"]
[WhiteElo "2106"]
[BlackElo "2501"]
[PlyCount "64"]
[EventDate "2005.05.27"]
[EventType "swiss"]
[EventRounds "9"]
[EventCountry "USA"]
[SourceTitle "CBM 106 Extra"]
[Source "ChessBase"]
[SourceDate "2005.07.01"]
[SourceVersion "1"]
[SourceVersionDate "2005.07.01"]
[SourceQuality "1"]

1. d4 Nf6 2. c4 e6 3. Nc3 Bb4 4. a3 Bxc3+ 5. bxc3 c5 6. f3 d5 7. cxd5 exd5 8. Bg5 0-0 9. e3 Re8 10. Bd3 h6 11. Bxf6 Qxf6 12. Qd2 cxd4 13. cxd4 Nc6 14. Ne2 Qh4+ 15. g3 Qe7 16. Kf2 Na5 17. Rhb1 b6 18. Rb4 Bb7 19. Rc1 Rac8 20. Rxc8 Rxc8 21. h4 Qd7 22. g4 Qd6 23. f4 Qe7 24. g5 hxg5 25. hxg5 Qe6 26. f5 Qe7 27. f6 gxf6 28. gxf6 Qxf6+ 29. Nf4 Nc4 30. Bxc4 dxc4 31. d5 c3 32. Qc2 Bxd5 0-1

[Event "North American op 24th"]
[Site "Stillwater"]
[Date "2005.05.27"]
[Round "2"]
[White "Shulman, Yuri"]
[Black "Jackson, Trevor H"]
[Result "1-0"]
[WhiteElo "2550"]
[BlackElo "2106"]
[PlyCount "53"]
[EventDate "2005.05.27"]
[EventType "swiss"]
[EventRounds "9"]
[EventCountry "USA"]
[SourceTitle "CBM 106 Extra"]
[Source "ChessBase"]
[SourceDate "2005.07.01"]
[SourceVersion "1"]
[SourceVersionDate "2005.07.01"]
[SourceQuality "1"]

1. e4 e6 2. d4 d5 3. Nc3 Bb4 4. e5 c5 5. a3 Bxc3+ 6. bxc3 Ne7 7. Qg4 0-0 8. Bd3 Nbc6 9. Qh5 Ng6 10. Nf3 Qc7 11. Be3 c4 12. Bxg6 fxg6 13. Qg4 Qf7 14. Ng5 Qf5 15. Qe2 Re8 16. h4 h6 17. g4 Qf8 18. Nh3 Bd7 19. h5 gxh5 20. g5 g6 21. gxh6 Ne7 22. Kd2 b5 23. Rag1 Kh8 24. Bg5 Ng8 25. h7 Kxh7 26. Nf4 Nh6 27. Nxg6 1-0

[Event "Texas Amateur-ch"]
[Site "Dallas"]
[Date "2003.05.26"]
[Round "6"]
[White "Phillips, David William"]
[Black "Jackson, Trevor H"]
[Result "1-0"]
[WhiteElo "1997"]
[BlackElo "1874"]
[PlyCount "103"]
[EventDate "2003.05.23"]
[EventType "swiss"]
[EventRounds "7"]
[EventCountry "USA"]
[SourceTitle "EXT 2005"]
[Source "ChessBase"]
[SourceDate "2004.11.15"]
[SourceVersion "1"]
[SourceVersionDate "2004.11.15"]
[SourceQuality "1"]

1. e4 e6 2. d4 d5 3. Nd2 Nf6 4. e5 Nfd7 5. f4 c5 6. c3 Nc6 7. Ndf3 Qb6 8. g3 cxd4 9. cxd4 Bb4+ 10. Kf2 g5 11. fxg5 Ndxe5 12. Nxe5 Nxe5 13. Be3 Nc6 14. Nf3 Bf8 15. Qd2 Bg7 16. Rc1 Bd7 17. Kg2 Rc8 18. Bd3 Ke7 19. Bb1 a5 20. Rhf1 a4 21. Qf2 Rcf8 22. Ne5 Be8 23. Rcd1 Kd8 24. Ng4 Ne7 25. Rd2 Bb5 26. Rc1 Bc6 27. Bf4 Kd7 28. Be5 Bxe5 29. Nxe5+ Ke8 30. Qf6 Ng6 31. Bxg6 hxg6 32. Nxg6 fxg6 33. Qxe6+ Kd8 34. Qd6+ Kc8 35. Rdc2 Re8 36. Rxc6+ Qxc6 37. Rxc6+ bxc6 38. Qxc6+ Kb8 39. Qb5+ Kc8 40. Qc6+ Kb8 41. Qb5+ Kc7 42. h4 Rhf8 43. Qc5+ Kb8 44. Qd6+ Kc8 45. Qxg6 Re2+ 46. Kh3 Rxb2 47. Qc6+ Kd8 48. Qxd5+ Ke7 49. Qe5+ Kf7 50. Qc7+ Kg6 51. Qd6+ Kg7 52. h5 1-0

[Event "Texas Amateur-ch"]
[Site "Dallas"]
[Date "2003.05.24"]
[Round "1"]
[White "Jackson, Trevor H"]
[Black "Pemberton, James C"]
[Result "1-0"]
[WhiteElo "1874"]
[BlackElo "1549"]
[PlyCount "87"]
[EventDate "2003.05.23"]
[EventType "swiss"]
[EventRounds "7"]
[EventCountry "USA"]
[SourceTitle "EXT 2005"]
[Source "ChessBase"]
[SourceDate "2004.11.15"]
[SourceVersion "1"]
[SourceVersionDate "2004.11.15"]
[SourceQuality "1"]

1. d4 d5 2. c4 Nc6 3. Nc3 dxc4 4. d5 Ne5 5. e4 Nf6 6. Bf4 Ng6 7. Bg3 c6 8. dxc6 Qxd1+ 9. Rxd1 bxc6 10. Bxc4 e5 11. a3 Nh5 12. Nge2 Be7 13. 0-0 0-0 14. h3 Nxg3 15. Nxg3 Be6 16. Bxe6 fxe6 17. Rd7 Rfd8 18. Rfd1 Kf7 19. Nge2 Nf8 20. Rxd8 Rxd8 21. Rxd8 Bxd8 22. Na4 Nd7 23. Nec3 Be7 24. Kf1 Nc5 25. Nxc5 Bxc5 26. Nb1 a5 27. Ke2 Ke7 28. Nd2 Kf6 29. a4 h5 30. Nc4 Bb4 31. Nb6 Ke7 32. Nc4 Kf6 33. h4 Ke7 34. Nxe5 Kd6 35. Nd3 c5 36. Nxb4 cxb4 37. Kd3 Kc5 38. b3 e5 39. g3 g6 40. f4 exf4 41. gxf4 Kd6 42. Kd4 Kd7 43. Kd5 Ke7 44. e5 1-0